La Cueca: Danza de la vida y de la muerte
Gorde:
| Egile Nagusiak: | , |
|---|---|
| Formatua: | Liburua |
| Hizkuntza: | gaztelania |
| Argitaratua: |
Valparaíso
Universitarias
2010
|
| Gaiak: | |
| Sarrera elektronikoa: | texto completo librillo CDs |
| Etiketak: |
Etiketa erantsi
Etiketarik gabe, Izan zaitez lehena erregistro honi etiketa jartzen!
|
MARC
| LEADER | 00000cam a2200000 a 4500 | ||
|---|---|---|---|
| 001 | UCG5500 | ||
| 003 | CL-VaPUC | ||
| 008 | 110310e20100000CL |||||||||||||||||spa|d | ||
| 020 | |a 9789561704701 | ||
| 082 | 0 | 4 | |a 793.31 |b LOY |2 21 |
| 100 | |a Loyola Palacios, Margot |e autora |9 367508 | ||
| 700 | 0 | |a Cádiz Valenzuela, Osvaldo |e author |9 555210 | |
| 245 | 1 | 3 | |a La Cueca: Danza de la vida y de la muerte |
| 300 | |a 301 p | ||
| 942 | |c BK | ||
| 945 | |d 20110310 00:00:00 |a dcastane | ||
| 260 | |a Valparaíso |b Universitarias |c 2010 | ||
| 500 | |a Texto complementario con discos de registro fonográfico y audiovisual | ||
| 650 | 0 | |a Musicología |9 306520 | |
| 650 | 0 | |a Música folklórica |9 306412 | |
| 650 | 7 | |a DANZA FOLKLORICA |2 CL-VaPUC |9 339082 | |
| 650 | 0 | |a Música tradicional |9 459272 | |
| 650 | 7 | |a CULTURAS POPULARES |2 CL-VaPUC |9 338177 | |
| 651 | 7 | |a CHILE |2 CL-VaPUC |9 555211 | |
| 856 | 7 | 0 | |f UCG5500_01.pdf |q PDF |z texto completo |2 file |u http://opac.pucv.cl/pucv_txt/txt-5500/UCG5500_01.pdf |
| 856 | 7 | 0 | |f UCG5500_02.pdf |q PDF |z librillo CDs |2 file |u http://opac.pucv.cl/pucv_txt/txt-5500/UCG5500_02.pdf |
| 583 | |a last modification |c 20181009 01:07:59 |k Rodrigo Vera | ||
| 999 | |c 343977 |d 343975 | ||
| 952 | |0 0 |1 0 |3 erd |4 0 |6 793_310000000000000_LOY_2010 |7 0 |8 R |9 441702 |a BIBEDU |b BIBEDU |d 2019-11-22 |i 4759257 |l 2 |o 793.31 LOY 2010 |p 4759257 |r 2023-09-08 |s 2023-09-07 |w 2019-11-22 |y BK_R |k MUS | ||
| 952 | |0 0 |1 0 |3 erd |4 0 |6 793_310000000000000_LOY_2010 |7 0 |8 R |9 441703 |a BIBEDU |b BIBEDU |d 2019-11-22 |i 4759273 |o 793.31 LOY 2010 |p 4759273 |r 2023-11-06 |w 2019-11-22 |y BK_R |k MUS | ||
| 952 | |0 0 |1 0 |3 erd |4 0 |6 793_310000000000000_LOY_2010 |7 0 |8 R |9 441704 |a BIBEDU |b BIBEDU |d 2019-11-22 |i 475929K |l 1 |o 793.31 LOY 2010 |p 475929K |r 2023-11-28 |s 2023-11-28 |w 2019-11-22 |y BK_R |k MUS | ||
| 952 | |0 0 |1 0 |3 erd |4 0 |6 793_310000000000000_LOY_2010 |7 0 |8 R |9 441705 |a BIBEDU |b BIBEDU |c MCIRC |d 2019-11-22 |i 475932K |o 793.31 LOY 2010 |p 475932K |r 2023-01-13 |w 2019-11-22 |y BK_R |k EDU | ||
| 952 | |0 0 |1 0 |3 erd |4 0 |6 793_310000000000000_LOY_2010 |7 0 |8 X |9 441706 |a FDOMLP |b FDOMLP |d 2019-11-22 |i 475297K |o 793.31 LOY 2010 |p 475297K |r 2019-11-22 |w 2019-11-22 |y BK_X |k BU2 | ||
| 952 | |0 0 |1 0 |3 erd |4 0 |6 793_310000000000000_LOY_2010 |7 0 |8 X |9 441707 |a FDOMLP |b FDOMLP |d 2019-11-22 |i 4759346 |o 793.31 LOY 2010 |p 4759346 |r 2019-11-22 |w 2019-11-22 |y BK_X |k BU2 | ||
| 952 | |0 0 |1 0 |3 erd |4 0 |6 793_310000000000000_LOY_2010 |7 0 |8 X |9 441708 |a FDOMLP |b FDOMLP |d 2019-11-22 |i 4759362 |o 793.31 LOY 2010 |p 4759362 |r 2019-11-22 |w 2019-11-22 |y BK_X |k BU2 | ||
| 952 | |0 0 |1 0 |3 erd |4 0 |6 793_310000000000000_LOY_2010 |7 0 |8 X |9 441709 |a FDOBUD |b FDOBUD |d 2019-11-22 |i 4772571 |o 793.31 LOY 2010 |p 4772571 |r 2019-11-22 |w 2019-11-22 |y BK_X |k FHP | ||
| 952 | |0 0 |1 0 |3 erd |4 0 |6 793_310000000000000_LOY_2010 |7 0 |8 C |9 441711 |a BIBCUR |b BIBCUR |d 2019-11-22 |i 4759389 |o 793.31 LOY 2010 |p 4759389 |r 2025-04-22 |w 2019-11-22 |y BK |k CAC | ||
| 952 | |0 0 |1 0 |3 erd |4 0 |6 793_310000000000000_LOY_2010 |7 0 |8 A |9 441712 |a BIBING |b BIBING |i 501882K |o 793.31 LOY 2010 |p 501882K |r 2025-01-20 |w 2019-11-22 |y BK |z Catalogado en:20140710 |k CUI | ||